000 nam a22 7a 4500
999 _c46958
_d46958
003 OSt
005 20190430150213.0
008 190430b xxu||||| |||| 00| 0 eng d
040 _cIIMT COLLEGE OF LAW,GREATER NOIDA
100 _aGANDHI,B.M.
245 _aLEGAL LANGUAGE
260 _aMEERUT
_bE.B.S.
_c2018
942 _2ddc
_c02